000 00284nam a22001337a 4500
008 210301b ||||| |||| 00| 0 eng d
020 _a9780136725107
041 _aeng
080 _23th
_a53
100 _a43
101 _aFIZ
245 _aPhysics
_cGiancoli, C.D
942 _2udc
_cBK
999 _c55332
_d55332